000
00306nam a2200121Ia 4500
005
20260328101446.0
008
260328s9999||||xx |||||||||||||| ||und||
100
_a
Lamberto Vitali
245
0
_a
Los Grandes Escultores :
_b
degas /
_c
Lamberto Vitali
260
_b
Viscontea
650
_a
ESCULTURA
942
_c
BK
999
_c
8486
_d
8486